AI in the wild : (Record no. 590134)

000 -LEADER
fixed length control field 01507cam a2200373 i 4500
001 - CONTROL NUMBER
control field 21342891
003 - CONTROL NUMBER IDENTIFIER
control field NUST
005 - DATE AND TIME OF LATEST TRANSACTION
control field 20220607105248.0
008 - FIXED-LENGTH DATA ELEMENTS--GENERAL INFORMATION
fixed length control field 191220s2020 mau b 001 0 eng
010 ## - LIBRARY OF CONGRESS CONTROL NUMBER
LC control number 2019057051
020 ## - INTERNATIONAL STANDARD BOOK NUMBER
International Standard Book Number 9780262539333
Qualifying information (paperback)
038 ## - RECORD CONTENT LICENSOR
Staff Name Muzammil
040 ## - CATALOGING SOURCE
Original cataloging agency DLC
Language of cataloging eng
Transcribing agency DLC
Description conventions rda
Modifying agency DLC
042 ## - AUTHENTICATION CODE
Authentication code pcc
050 00 - LIBRARY OF CONGRESS CALL NUMBER
Classification number Q334.7
Item number .D38 2020
082 00 - DEWEY DECIMAL CLASSIFICATION NUMBER
Classification number 303.4834
Edition number 23
Author Mark DAU
100 1# - MAIN ENTRY--PERSONAL NAME
Personal name Dauvergne, Peter,
Relator term author.
9 (RLIN) 92029
245 10 - TITLE STATEMENT
Title AI in the wild :
Remainder of title sustainability in the age of artificial intelligence /
Statement of responsibility, etc. Peter Dauvergne.
246 3# - VARYING FORM OF TITLE
Title proper/short title Artificial intelligence in the wild
264 #1 - PRODUCTION, PUBLICATION, DISTRIBUTION, MANUFACTURE, AND COPYRIGHT NOTICE
Place of production, publication, distribution, manufacture Cambridge, Massachusetts :
Name of producer, publisher, distributor, manufacturer The MIT Press,
Date of production, publication, distribution, manufacture, or copyright notice [2020]
300 ## - PHYSICAL DESCRIPTION
Extent xiv, 262 pages ;
Dimensions 23 cm.
336 ## - CONTENT TYPE
Content type term text
Content type code txt
Source rdacontent
337 ## - MEDIA TYPE
Media type term unmediated
Media type code n
Source rdamedia
338 ## - CARRIER TYPE
Carrier type term volume
Carrier type code nc
Source rdacarrier
490 0# - SERIES STATEMENT
Series statement One planet
504 ## - BIBLIOGRAPHY, ETC. NOTE
Bibliography, etc. note Includes bibliographical references (pages [197]-234) and index.
520 ## - SUMMARY, ETC.
Summary, etc. "The first book to analyze the consequences of the political economy of artificial intelligence for global sustainability"--
Assigning source Provided by publisher.
650 #0 - SUBJECT ADDED ENTRY--TOPICAL TERM
Topical term or geographic name entry element Artificial intelligence
General subdivision Social aspects.
9 (RLIN) 18470
650 #0 - SUBJECT ADDED ENTRY--TOPICAL TERM
Topical term or geographic name entry element Artificial intelligence
General subdivision Economic aspects.
9 (RLIN) 92030
650 #0 - SUBJECT ADDED ENTRY--TOPICAL TERM
Topical term or geographic name entry element Sustainable development.
906 ## - LOCAL DATA ELEMENT F, LDF (RLIN)
a 7
b cbc
c orignew
d 1
e ecip
f 20
g y-gencatlg
942 ## - ADDED ENTRY ELEMENTS (KOHA)
Source of classification or shelving scheme
Koha item type Book
Holdings
Withdrawn status Lost status Source of classification or shelving scheme Damaged status Not for loan Permanent Location Current Location Shelving location Date acquired Total Checkouts Full call number Barcode Date last seen Price effective from Koha item type
          School of Mechanical & Manufacturing Engineering (SMME) School of Mechanical & Manufacturing Engineering (SMME) General Stacks 06/07/2022   303.4834 DAU SMME-3726 06/07/2022 06/07/2022 Book
© 2023 Central Library, National University of Sciences and Technology. All Rights Reserved.